Paschatyar rajnaitik chintadhara (Record no. 9970)

MARC details
000 -LEADER
fixed length control field 00567cam a2200217ua 4500
008 - FIXED-LENGTH DATA ELEMENTS--GENERAL INFORMATION
fixed length control field 190807n ii |||gr||||Z||||||asm
020 ## - INTERNATIONAL STANDARD BOOK NUMBER
International Standard Book Number 9788191098358
040 ## - CATALOGING SOURCE
Transcribing agency MAIN
041 ## - LANGUAGE CODE
-- asm
082 ## - DEWEY DECIMAL CLASSIFICATION NUMBER
Classification number 320.5
100 ## - MAIN ENTRY--PERSONAL NAME
Personal name Mrigendra Narayan Das,
Relator term
245 ## - TITLE STATEMENT
Title Paschatyar rajnaitik chintadhara
Statement of responsibility, etc. By Mrigendra Narayan Das
250 ## - EDITION STATEMENT
Edition statement 6th ed.
260 ## - PUBLICATION, DISTRIBUTION, ETC.
Place of publication, distribution, etc. Jorhat:
Name of publisher, distributor, etc. Bidya bhawan,
Date of publication, distribution, etc. 2018.
300 ## - PHYSICAL DESCRIPTION
Extent 340p.
700 ## - ADDED ENTRY--PERSONAL NAME
Personal name Nabin Gohain,
Relator term
700 ## - ADDED ENTRY--PERSONAL NAME
Personal name Deepan Das,
Relator term
942 ## - ADDED ENTRY ELEMENTS (KOHA)
Koha item type Books
653 ## - INDEX TERM--UNCONTROLLED
Uncontrolled term Western political thought
Holdings
Withdrawn status Lost status Damaged status Not for loan Home library Current library Shelving location Date acquired Total Checkouts Full call number Barcode Date last seen Date last checked out Copy number Price effective from Koha item type
        Central Library, Naharkatiya College Central Library, Naharkatiya College General Stacks 19/09/2020 1 320.5Political thought | DAS 26835 02/03/2022 20/12/2021 1 19/09/2020 Books
        Central Library, Naharkatiya College Central Library, Naharkatiya College General Stacks 19/09/2020 2 320.5Political thought | DAS 26836 09/11/2024 25/10/2024 2 19/09/2020 Books

Naharkatiya College © 2020. All rights reserved.

Powered By